Statistics for Animals By Picture - Letter L

Click here to take the quiz!

General Stats

  • This quiz has been taken 317 times
  • The average score is 11 of 15

Answer Stats

Answer% Correct
Lion
99%
Ladybug
98%
Lemur
94%
Leopard
89%
Llama
89%
Lobster
89%
Lynx
85%
Leech
84%
Lizard
71%
Lionfish
70%
Leopard Seal
51%
Leatherback Sea Turtle
48%
Lemming
41%
Lorikeet
29%
Little Blue Penguin
17%

Score Distribution

Percentile by Number Answered

Percent of People with Each Score

Your Score History

You have not taken this quiz